Представление документа в формате RUSMARC

ПолеНазваниеЗначение
  Тип записи c
  Библиографический уровень c
001 Контрольный номер RU/IS/BASE/438871987
005 Дата корректировки 20201206204907.1
010 Индекс ISBN __
a ISBN 979-0-66000-554-5
d Цена 263-41
101 Язык документа 0_
a Язык текста rus
a Язык текста eng
200 Заглавие и сведения об ответственности 1_
a Заглавие Лирические пьесы
e Сведения, относящиеся к заглавию для фортепиано
f Первые сведения об ответственности Эдвард Григ
b Общее обозначение материала Ноты
h Номер части Тетр. 2
200 Заглавие и сведения об ответственности __
d Параллельное заглавие Lyric Pieces
210 Выходные данные __
a Место издания Санкт-Петербург
c Издательство Композитор. Санкт-Петербург
d Дата издания [2013]
215 Физическое описание __
a Объем 43, [1] с.
c Иллюстрации/тип воспроизводства нот.
225 Серия __
a Серия Золотой репертуар пианиста
327 Примечание о содержании __
a Примечание о содержании Вальс-экспромт : пьеса для фп.
327 Примечание о содержании __
a Примечание о содержании Листок из альбома : пьеса для фп.
327 Примечание о содержании __
a Примечание о содержании Мелодия : пьеса для фп.
327 Примечание о содержании __
a Примечание о содержании Халлинг (норв. танец) : пьеса для фп.
327 Примечание о содержании __
a Примечание о содержании Меланхолия : пьеса для фп.
327 Примечание о содержании __
a Примечание о содержании Танец с прыжками (норв. танец) : пьеса для фп.
327 Примечание о содержании __
a Примечание о содержании Элегия : пьеса для фп.
327 Примечание о содержании __
a Примечание о содержании Юный пастух : пьеса для фп.
327 Примечание о содержании __
a Примечание о содержании Гангар (норв. марш) : пьеса для фп.
327 Примечание о содержании __
a Примечание о содержании Шествие гномов : пьеса для фп.
327 Примечание о содержании __
a Примечание о содержании Ноктюрн : пьеса для фп.
327 Примечание о содержании __
a Примечание о содержании Скерцо : пьеса для фп.
327 Примечание о содержании __
a Примечание о содержании Колокольный звон : пьеса для фп.
330 Аннотация __
a Аннотация Эдвард Григ - выдающийся норвежский композитор-романтик, пианист, дирижер, музыкальный деятель. Ярко индивидуальный стиль Грига, тонкого художника-колориста, во многом близок музыкальному импрессионизму. Фортепианные пьесы Грига чрезвычайно популярны в концертной и педагогической практике. Часто именно они становятся первым прикосновением юного музыканта к романтическому стилю.
606 Тематические рубрики __
a Основная рубрика Музыка и зрелищные искусства
606 Тематические рубрики __
a Основная рубрика Инструментальная музыка
610 Ключевые слова __
a Ключевые слова музыкальные произведения; инструментальные произведения; фортепианные произведения; лирические пьесы; фортепианная музыка; инструментальные пьесы; фортепианные пьесы; фортепиано
686 Индексы других классификаций __
a Классификационный индекс 85.954.2
700 Автор _1
a Фамилия Григ
b Имя Э.
f Даты 1843-1907
g Полное личное имя Эдвард
4 Код отношения 230
801 Источник записи _0
a Страна RU
b Организация Муниципальное бюджетное учреждение культуры "Централизованная библиотечная система" г. Сургут (Центральная городская библиотека им. А. С. Пушкина)
g Правила каталогизации КиК/Апакова
801 Источник записи _1
a Страна RU
b Организация Муниципальное бюджетное учреждение культуры "Централизованная библиотечная система" г. Сургут (Центральная городская библиотека им. А. С. Пушкина)
g Правила каталогизации КиК/Апакова
852 Данные о местонахождении __
j Шифр хранения 85.954.2
i Авторский знак Г 83
901 Тип документа __
t Тип документа x
903 Характеристики (МАРС) __
a Дата передачи 20131127
969 Тип издания __
a Тип издания нотное издание
990 Данные о заказе (DOS) __
j Количество экземпляров (DOS) 2
t N записи в КСУ для И/У (DOS) 201311